Pays du monde sans carte (de P à M) - Statistiques

Statistiques générales
  • Ce quiz a été pris 258 fois
  • Le résultat moyen est 25 sur 38
Statistiques - réponses
Hint Réponse % Correct
O Oman
82%
P Portugal
82%
O Ouzbékistan
78%
P Panama
78%
P Pérou
78%
M Mauritanie
77%
P Pologne
77%
M Maroc
73%
N Namibie
73%
P Pakistan
73%
P Paraguay
72%
N Népal
71%
O Ouganda
71%
N Nicaragua
69%
N Niger
69%
N Nigeria
69%
M Madagascar
68%
M Mexique
66%
N Norvège
66%
N Nauru
65%
P Palaos
65%
M Macédoine du nord
63%
M Mali
62%
M Moldavie
62%
M Mongolie
62%
M Monténégro
61%
M Mozambique
61%
P Papouasie Nouvelle Guinée
60%
M Malaisie
59%
N Nouvelle Zélande
59%
P Philippines
58%
M Monaco
57%
M Malte
55%
M Maurice
54%
M Malawi
51%
M Maldives
51%
P Pays-Bas
45%
M Micronésie
43%
Aucun quiz correspondant
Distribution des résultats
% des personnes avec chaque résultat
Percentile par nombre de réponses
Votre historique - résultats
Vous n’avez pas pris ce quiz